00671nam a22001697a 450000500170000000800400001702000150005705000200007210000380009224501570013026000380028730000210032550400320034665000450037870000400042370000380046320150709130823.0a s1980 mx spa a968250707604aHD31 bH47 19801 aHernández y Rodríguez, Sergio10aFundamentos de administración /cSergio Hernández y Rodríguez, Nicolás Ballesteros Inda ; rev. y asesoría técnica Alberto Bailey Gutiérrez aMéxico :bInteramericana,c1980 a421 p. ;c25 cm. aIncluye glosario e índice 4aAdministración xEstudio y enseñanza1 aBallesteros Inda, Nicolás, coaut.1 aBailey Gutiérrez, Alberto, rev.